000 00616cam a22002053a 4500
001 39421
003 PGUSA
005 20140828083857.0
008 120410s2012||||xxu|||||s|||||000 | eng d
040 _aPGUSA
_beng
042 _adc
100 1 _aHoward-Bury, Charles Kenneth,
_d1881-1963
245 1 0 _aMount Everest the Reconnaissance, 1921
_h[electronic resource] /
_cCharles Kenneth Howard-Bury
260 _bProject Gutenberg,
_c2012
506 _aPublic domain in the USA.
516 _aElectronic text
830 0 _aProject Gutenberg
_v39421
856 4 0 _uhttp://www.gutenberg.org/ebooks/39421
942 _cEB
999 _c268674
_d268674